书目信息 |
| 题名: |
初中数学教学与班主任管理
|
|
| 作者: | 孙美娟 著 | |
| 分册: | ||
| 出版信息: | 青岛 中国海洋大学出版社 2020.8 |
|
| 页数: | 297页 | |
| 开本: | 22cm | |
| 丛书名: | ||
| 单 册: | ||
| 中图分类: | G633.602 , G635.16 | |
| 科图分类: | ||
| 主题词: | 中学数学课--教学研究--初中 , 初中--班主任工作 | |
| 电子资源: | ||
| ISBN: | 978-7-5670-2571-4 | |
| 000 | 00832nam0 2200253 45 | |
| 001 | 012001001359 | |
| 005 | 20140913152851.0 | |
| 010 | @a978-7-5670-2571-4@dCNY49.00 | |
| 100 | @a20201221d2020 em y0chiy50 ea | |
| 101 | 0 | @achi |
| 102 | @aCN@b370000 | |
| 105 | @aa z 000yy | |
| 106 | @ar | |
| 200 | 1 | @a初中数学教学与班主任管理@Achu zhong shu xue jiao xue yu ban zhu ren guan li@b专著@f孙美娟著 |
| 210 | @a青岛@c中国海洋大学出版社@d2020.8 | |
| 215 | @a297页@c图@d22cm | |
| 330 | @a本书主要内容包括:现代数学的现状与数学教学课程、数学教学模型、教学方法、教学设计、班主任的角色定位等。 | |
| 606 | 0 | @a中学数学课@x教学研究@x初中 |
| 606 | 0 | @a初中@x班主任工作 |
| 690 | @aG633.602@v5 | |
| 690 | @aG635.16@v5 | |
| 701 | 0 | @a孙美娟@Asun mei juan@4著 |
| 801 | 0 | @aCN@bBJSDL@c20211011 |
| 905 | @b1334100-4@dG633.602@e838@f5 | |
| 初中数学教学与班主任管理/孙美娟著.-青岛:中国海洋大学出版社,2020.8 |
| 297页:图;22cm |
| ISBN 978-7-5670-2571-4:CNY49.00 |
| 本书主要内容包括:现代数学的现状与数学教学课程、数学教学模型、教学方法、教学设计、班主任的角色定位等。 |
| ● |
| 相关链接 |
|
|
|
|
正题名:初中数学教学与班主任管理
索取号:G633.602/838
 
预约/预借
| 序号 | 登录号 | 条形码 | 馆藏地/架位号 | 状态 | 备注 |
| 1 | 1334100 | 213341007 | 第一样本阅览室/ [索取号:G633.602/838] | 在馆 | |
| 2 | 1334101 | 213341016 | 第四借阅区/ [索取号:G633.602/838] | 在馆 | |
| 3 | 1334102 | 213341025 | 第四借阅区/ [索取号:G633.602/838] | 在馆 | |
| 4 | 1334103 | 213341034 | 第四借阅区/ [索取号:G633.602/838] | 在馆 | |
| 5 | 1334104 | 213341043 | 第四借阅区/ [索取号:G633.602/838] | 在馆 |